Reducing the embodied impacts of shopfitting equipment (Record no. 115300)

MARC details
000 -LEADER
fixed length control field 01285cam a22002895a 4500
001 - CONTROL NUMBER
control field L158423
008 - FIXED-LENGTH DATA ELEMENTS--GENERAL INFORMATION
fixed length control field 120215s2015 xxk f 000 0 eng d
020 ## - INTERNATIONAL STANDARD BOOK NUMBER
International Standard Book Number 9781848064126
035 ## - SYSTEM CONTROL NUMBER
System control number (Sirsi) u158423
041 0# - LANGUAGE CODE
Language code of text/sound track or separate title eng
100 1# - MAIN ENTRY--PERSONAL NAME
Personal name Mussett, Jon
245 00 - TITLE STATEMENT
Title Reducing the embodied impacts of shopfitting equipment
260 ## - PUBLICATION, DISTRIBUTION, ETC.
Place of publication, distribution, etc. Watford
Name of publisher, distributor, etc. BRE
Date of publication, distribution, etc. 2015
300 ## - PHYSICAL DESCRIPTION
Extent 8p.
Other physical details ill.
Dimensions 30cm.
490 #0 - SERIES STATEMENT
Series statement BRE Information Paper
Volume/sequential designation (4/15)
520 ## - SUMMARY, ETC.
Summary, etc. Gives the results of study by BRE and the National Association of Shopfitters (NAS). They collaborated to model a range of shopfitting equipment using the LIST tool to benchmark embodied impacts, estimate equipment impacts based on store layouts, examine case studies for reducing embodied impact through changes to equipment design and specification, and develop guidance for the industry. The study sets out some key considerations for cost-effective impact reduction.
520 ## - SUMMARY, ETC.
Summary, etc. Related title: LIST (Low impact shopfitting tool) for designing greener shopfitting display equipment. E152999
521 ## - TARGET AUDIENCE NOTE
Target audience note Advanced
590 ## - LOCAL NOTE (RLIN)
Local note KA
650 24 - SUBJECT ADDED ENTRY--TOPICAL TERM
Topical term or geographic name entry element EMBODIED ENERGY IMPACTS
650 24 - SUBJECT ADDED ENTRY--TOPICAL TERM
Topical term or geographic name entry element LIST
650 24 - SUBJECT ADDED ENTRY--TOPICAL TERM
Topical term or geographic name entry element SHOPFITTING
651 #4 - SUBJECT ADDED ENTRY--GEOGRAPHIC NAME
Geographic name ENGLAND AND WALES
690 ## - LOCAL SUBJECT ADDED ENTRY--TOPICAL TERM (OCLC, RLIN)
Topical term or geographic name as entry element Energy
9 (RLIN) 6237
700 1# - ADDED ENTRY--PERSONAL NAME
Personal name Robinson, Adam
942 ## - ADDED ENTRY ELEMENTS (KOHA)
Suppress in OPAC 0
Holdings
Withdrawn status Lost status Source of classification or shelving scheme Damaged status Not for loan Home library Current library Shelving location Date acquired Total Checkouts Full call number Barcode Date last seen Copy number Price effective from Koha item type
    Dewey Decimal Classification     London London BRE publications 12/02/2015   ENQUIRY DESK 30078780 06/08/2019 1 06/08/2019 Book